| 000 | 00433 a2200121 4500 | ||
|---|---|---|---|
| 001 | 92437 | ||
| 082 | _a891.4393 SHA | ||
| 090 |
_c44410 _d44411 |
||
| 100 | _aDirectorate of films and Publictions, Govt of Pakistan ministry of information and broadcasting | ||
| 245 | _aIqbal number; mah e naw magazine | ||
| 260 |
_aIslamabad _bDirectorate General of electronic media and Publications; Govt of Pakistan _c2002 |
||
| 300 | _a272 p. | ||
| 942 |
_aCAE NUST _k891.4393 SHA |
||
| 999 |
_c327510 _d327510 |
||